Análisis de las alternativas para una reforma pensional en Colombia / (Registro nro. 6041)

Detalles MARC
000 -LEADER
fixed length control field 01053nam a2200253Ia 4500
003 - CONTROL NUMBER IDENTIFIER
control field OSt
005 - DATE AND TIME OF LATEST TRANSACTION
control field 20200820153850.0
008 - FIXED-LENGTH DATA ELEMENTS--GENERAL INFORMATION
fixed length control field 191128s1993 ck gr 000 0 spa d
040 ## - CATALOGING SOURCE
Original cataloging agency Co-JMCR
Transcribing agency Co-JMCR
041 0# - LANGUAGE CODE
Language code of text/sound track or separate title spa
082 04 - DEWEY DECIMAL CLASSIFICATION NUMBER
Classification number 368.4004 /
Item number L864a
Edition number 23
100 1# - MAIN ENTRY--PERSONAL NAME
Personal name Lopéz Montaño, Cecilia,
Relator term autora
9 (RLIN) 4241
245 10 - TITLE STATEMENT
Title Análisis de las alternativas para una reforma pensional en Colombia /
Statement of responsibility, etc. Cecilia López Montaño, Juan Carlos Ramírez, Carlos Cuartas Nieto, [Y otros 3]
250 ## - EDITION STATEMENT
Edition statement Primera edición
260 ## - PUBLICATION, DISTRIBUTION, ETC.
Place of publication, distribution, etc. Bogotá :
Name of publisher, distributor, etc. Tercer Mundo,
Date of publication, distribution, etc. 1993.
300 ## - PHYSICAL DESCRIPTION
Extent 179 páginas ;
Dimensions 21 cm.
504 ## - BIBLIOGRAPHY, ETC. NOTE
Bibliography, etc. note Bibliografía : páginas 163-172.
505 0# - FORMATTED CONTENTS NOTE
Formatted contents note Resumen ejecutivo -- Análisis del diagnóstico y las motivaciones que sustentan el proyecto de ley 155 -- Descripción y análisis comparativo del modelos propuesto en el proyecto de ley 155
650 24 - SUBJECT ADDED ENTRY--TOPICAL TERM
Topical term or geographic name entry element Seguridad social
9 (RLIN) 6217
650 24 - SUBJECT ADDED ENTRY--TOPICAL TERM
Topical term or geographic name entry element Pensiones
9 (RLIN) 9042
700 1# - ADDED ENTRY--PERSONAL NAME
Personal name Ramírez, Juan Carlos,
Relator term autor
9 (RLIN) 9043
700 1# - ADDED ENTRY--PERSONAL NAME
Personal name Cuartas Nieto, Carlos,
Relator term autor
9 (RLIN) 9044
942 ## - ADDED ENTRY ELEMENTS (KOHA)
Source of classification or shelving scheme Dewey Decimal Classification
Koha item type Books
Existencias
Withdrawn status Lost status Source of classification or shelving scheme Materials specified (bound volume or other part) Damaged status Not for loan Home library Current library Shelving location Date acquired Source of acquisition Full call number Barcode Date last seen Copy number Price effective from Koha item type Public note
    Dewey Decimal Classification Donación--15/04/2018--     Biblioteca Pública José María del Castillo y Rada Biblioteca Pública José María del Castillo y Rada General Stacks 11/28/2019 Donación 368.4004 / L864a 430011550 05/16/2024 Ej.1 11/28/2019 Books Exlibris : Rúbrica en guarda.